00567pab a2200169 454500008004000000100002400040245009100064260000900155300001300164650002600177650001800203773004900221908000600270909001000276999001700286952009400303180718b2008 xxu||||| |||| 00| 0 eng d aMwinga, Doris Katai aThe role of Parliament in the process of constitutional review in Zambia, 2003 to date c2008 ap.33-50. aZambia - Constitution aConstitutions aConstitutional and Parliamentary Information aN a87492 c87492d87492 00104070aIIPAbIIPAd2018-07-19hVolume no: 196, pAR87952r2018-07-19w2018-07-19yAR